书目信息 |
| 书名: | Solving America’s health-care crisis | |
| 作者: | by the staff of the New York times ; edited by Erik Eckholm. | |
| 分册号: | ||
| 分册名: | 出版地: | New York : |
|
| 出版社: | Times Books | |
| 出版时间: | c1993. | |
| 页数: | xvii, 365 p. ; | |
| 开本: | 21 cm. | |
| 丛书名: | ||
| 中图分类号: | ||
| 科图分类号: | ||
| 其他分类号: | R-013 | |
| 主题词: | ||
| 电子资源: | http://www.loc.gov/catdir/description/random046/93239876.html | |
| 000 | 01159cam a2200313 a 450 | |
| 001 | E0754481453 | |
| 005 | 20070513151213.95 | |
| 008 | 931206s1993 nyu 001 0 eng c | |
| 010 | @a93239876 | |
| 020 | @a0812922794 :@c$10.00 ($13.00 Can.). | |
| 035 | @A(DLC) 93239876 | |
| 040 | @aMoSU-L@cMoSU-L@dDLC | |
| 042 | @alcnccp | |
| 043 | @an-us--- | |
| 050 | 00 | @aRA410.53@b.S64 1993 |
| 090 | @aR-013 | |
| 099 | @dR-013@ex55 | |
| 245 | 00 | @aSolving America’s health-care crisis :@ba guide to understanding the greatest threat to your family’s economic security / @cby the staff of the New York times ; edited by Erik Eckholm. |
| 250 | @a1st ed. | |
| 260 | @aNew York :@bTimes Books,@cc1993. | |
| 300 | @axvii, 365 p. ;@c21 cm. | |
| 500 | @aIncludes index. | |
| 650 | 0 | @aMedical policy@zUnited States. |
| 650 | 0 | @aMedical care, Cost of@zUnited States. |
| 700 | 1 | @aEckholm, Erik P. |
| 730 | 0 | @aNew York times. |
| 856 | 42 | @3 Publisher description@uhttp://www.loc.gov/catdir/description/random046/93239876.html |
| 906 | @a7@bcbc@cnccpada@du@encip@f19@gy-gencatlg | |
| 991 | @bc-GenColl@hRA410.53@i.S64 1993@p00058663955@tCopy 1@wBOOKS | |
| Solving America’s health-care crisis : : a guide to understanding the greatest threat to your family’s economic security / / by the staff of the New York times ; edited by Erik Eckholm.-1st ed.-New York : : Times Books, , c1993. |
| xvii, 365 p. ; ; 21 cm. |
| Includes index. |
| ISBN 0812922794 :$10.00 ($13.00 Can.). |
| ● |
| 相关链接 |
|
|
|
|
正题名:Solving America's health-care crisis
索取号:R-013/x55
 
预约/预借
| 序号 | 登录号 | 条形码 | 馆藏地/架位号 | 状态 | 备注 |
| 1 | 0008678 | 300086788 | 第二样本阅览室/ [索取号:R-013/x55] | 在馆 | |
| 2 | 0008679 | 300086797 | 第四借阅区/ [索取号:R-013/x55] | 在馆 | |
| 3 | 0008680 | 300086804 | 第四借阅区/ [索取号:R-013/x55] | 在馆 | |
| 4 | 0008681 | 300086813 | 第四借阅区/ [索取号:R-013/x55] | 在馆 |